000 00619nam a2200265Ia 4500
005 20260306163753.0
008 008 260114s9999 xx 000 0 eng d
020 _a9781781708699
037 _aEBOOK
040 _aCRL
040 _beng
040 _cCRL
041 _2eng
041 _aeng
084 _qCRL
100 _aWinter, Keegan-phipps
_91129325
245 0 _aPerforming Englishness
260 _bManchester University Press
260 _c2016
650 _aSocial Work
856 _uhttps://academic.oup.com/book/16726
942 _cEBOOK
999 _c1711427
_d1711427